00270cam a22001097a 4500008004000000082001400040100001600054245003400070260002300104300001000127650002300137180718b1990 xxu||||| |||| 00| 0 eng d aA99 V815r aVira, Dhrma aReminiscencescby Dharma Vira aDelhibVikasc1990 a176p. aVira, Dharma, 1906